[Event "IECG CP.2000.F.00001 email"]
[Site "IECG email"]
[Date "2003.10.01"]
[Round "?"]
[White "Bergamini, Lorenzo"]
[Black "Kul, Ivan"]
[Result "0-1"]
[WhiteElo "2218"]
[BlackElo "2085"]
[PlyCount "32"]
[EventDate "2003.10.01"]
[EventType "tourn (corr)"]
[EventRounds "9"]
[SourceTitle "Corr 2008"]
[Source "ChessBase"]
[SourceDate "2008.06.24"]
[SourceVersion "1"]
[SourceVersionDate "2008.06.24"]
[SourceQuality "1"]

1. e4 c5 2. Nf3 Nc6 3. Bb5 e6 4. 0-0 Nge7 5. Re1 a6 6. Bxc6 Nxc6 7. d4 cxd4 8. Nxd4 Qc7 9. Nxc6 dxc6 10. e5 b6 11. Bf4 Bb7 12. Nd2 c5 13. Ne4 Qc6 14. Bg5 Qc7 15. Qg4 Rc8 16. Nd6+ Bxd6 0-1

[Event "IECG CP.2002.Q.00007 email"]
[Site "IECG email"]
[Date "2003.10.01"]
[Round "?"]
[White "Chambers, Chris L"]
[Black "Bergamini, Lorenzo"]
[Result "1-0"]
[WhiteElo "1802"]
[BlackElo "2218"]
[PlyCount "29"]
[EventDate "2003.10.01"]
[EventType "tourn (corr)"]
[EventRounds "10"]
[SourceTitle "Corr 2008"]
[Source "ChessBase"]
[SourceDate "2008.06.24"]
[SourceVersion "1"]
[SourceVersionDate "2008.06.24"]
[SourceQuality "1"]

1. e4 c5 2. Nf3 e6 3. d4 cxd4 4. Nxd4 a6 5. Bd3 Nc6 6. Nxc6 dxc6 7. 0-0 Qc7 8. Nc3 Bd6 9. f4 Ne7 10. Be3 0-0 11. Qh5 f5 12. e5 Bb4 13. Ne2 c5 14. c4 Rd8 15. Rad1 1-0

[Event "IECG WC.2006.P.00005 email"]
[Site "IECG email"]
[Date "2003.01.22"]
[Round "?"]
[White "Bergamini, Lorenzo"]
[Black "Kulczycki, Michael"]
[Result "1/2-1/2"]
[WhiteElo "2188"]
[BlackElo "2006"]
[PlyCount "46"]
[EventDate "2003.01.22"]
[EventType "tourn (corr)"]
[EventRounds "10"]
[SourceTitle "Corr 2008"]
[Source "ChessBase"]
[SourceDate "2008.06.24"]
[SourceVersion "1"]
[SourceVersionDate "2008.06.24"]
[SourceQuality "1"]

1. d4 Nf6 2. c4 e6 3. Nc3 Bb4 4. e3 0-0 5. Bd3 c5 6. Nf3 d5 7. 0-0 dxc4 8. Bxc4 Nbd7 9. Qe2 b6 10. Rd1 cxd4 11. exd4 Bb7 12. Bd2 Rc8 13. Bd3 Bd6 14. Nb5 Bb8 15. Bg5 Qe8 16. Nc3 Nd5 17. Nxd5 Bxd5 18. Ba6 Rc7 19. Bb5 Qc8 20. Bd3 Qb7 21. Bf4 Rc6 22. Ne5 Nxe5 23. dxe5 f6 1/2-1/2

[Event "IECG WC.2006.P.00005 email"]
[Site "IECG email"]
[Date "2003.01.22"]
[Round "?"]
[White "Bergamini, Lorenzo"]
[Black "Pinasco, Juan Pablo"]
[Result "1-0"]
[WhiteElo "2188"]
[BlackElo "1986"]
[PlyCount "40"]
[EventDate "2003.01.22"]
[EventType "tourn (corr)"]
[EventRounds "10"]
[SourceTitle "Corr 2008"]
[Source "ChessBase"]
[SourceDate "2008.06.24"]
[SourceVersion "1"]
[SourceVersionDate "2008.06.24"]
[SourceQuality "1"]

1. d4 d5 2. c4 c6 3. Nc3 Nf6 4. Nf3 dxc4 5. a4 Bf5 6. e3 e6 7. Bxc4 Bb4 8. 0-0 0-0 9. Nh4 Nbd7 10. Nxf5 exf5 11. Qc2 g6 12. Bd2 Bd6 13. a5 Ng4 14. g3 Qe7 15. e4 fxe4 16. Nxe4 Bb4 17. Bg5 Ngf6 18. f3 Kg7 19. Qc1 Rfe8 20. Qf4 Qd8 1-0

[Event "IECG WC.2006.P.00005 email"]
[Site "IECG email"]
[Date "2003.01.22"]
[Round "?"]
[White "Bergamini, Lorenzo"]
[Black "Vyt, Johan"]
[Result "1-0"]
[WhiteElo "2188"]
[BlackElo "1787"]
[PlyCount "87"]
[EventDate "2003.01.22"]
[EventType "tourn (corr)"]
[EventRounds "10"]
[SourceTitle "Corr 2008"]
[Source "ChessBase"]
[SourceDate "2008.06.24"]
[SourceVersion "1"]
[SourceVersionDate "2008.06.24"]
[SourceQuality "1"]

1. e4 c5 2. Nf3 d6 3. d4 cxd4 4. Nxd4 Nf6 5. Nc3 a6 6. Bg5 e6 7. f4 b5 8. e5 dxe5 9. fxe5 Qc7 10. Qe2 Nfd7 11. 0-0-0 Bb7 12. Qg4 Qb6 13. Be2 Nxe5 14. Qh3 Nbd7 15. Rhe1 h6 16. Bh4 h5 17. Bf3 Bxf3 18. Nxf3 Ng4 19. Nd5 Qc5 20. b4 Qc4 21. Re4 Qc8 22. Qg3 Ra7 23. h3 Ngf6 24. Rxe6+ fxe6 25. Qg6+ Kd8 26. Nxf6 gxf6 27. Qxf6+ Kc7 28. Qxh8 Bxb4 29. Bg3+ e5 30. Qg7 Ba3+ 31. Kb1 Kb6 32. Qg6+ Ka5 33. Rd3 Bf8 34. Be1+ Ka4 35. Qg3 h4 36. Nxh4 b4 37. Rd5 Nc5 38. Ng6 a5 39. Nxe5 Rb7 40. Bf2 Rc7 41. Qb3+ Kb5 42. Qd3+ Kb6 43. Rd8 Qe6 44. Ra8 1-0

[Event "IECG CP.2002.P.00077 email"]
[Site "IECG email"]
[Date "2002.10.01"]
[Round "?"]
[White "Bergamini, Lorenzo"]
[Black "Montenegro Chamorro, Jose Antonio"]
[Result "1-0"]
[WhiteElo "2188"]
[BlackElo "1262"]
[PlyCount "49"]
[EventDate "2002.10.01"]
[EventType "tourn (corr)"]
[EventRounds "6"]
[EventCountry "GER"]
[SourceTitle "Corr 2008"]
[Source "ChessBase"]
[SourceDate "2008.06.24"]
[SourceVersion "1"]
[SourceVersionDate "2008.06.24"]
[SourceQuality "1"]

1. Nf3 d5 2. g3 Nf6 3. Bg2 Bf5 4. c4 e6 5. 0-0 Nbd7 6. d3 Be7 7. Nh4 Bg6 8. cxd5 exd5 9. Nc3 c6 10. e4 Bh5 11. Qc2 dxe4 12. dxe4 0-0 13. Nf5 Bb4 14. a3 Ba5 15. Bf4 Bc7 16. Bxc7 Qxc7 17. f4 Nc5 18. e5 Nfd7 19. b4 Ne6 20. Ne4 a5 21. Qf2 f6 22. Qa2 Bf7 23. Ned6 Nb6 24. exf6 Nd8 25. Nxf7 1-0

[Event "IECG CP.2002.P.00077 email"]
[Site "IECG email"]
[Date "2002.10.01"]
[Round "?"]
[White "Bergamini, Lorenzo"]
[Black "Taner, Harun"]
[Result "1-0"]
[WhiteElo "2188"]
[BlackElo "1450"]
[PlyCount "57"]
[EventDate "2002.10.01"]
[EventType "tourn (corr)"]
[EventRounds "6"]
[EventCountry "GER"]
[SourceTitle "Corr 2008"]
[Source "ChessBase"]
[SourceDate "2008.06.24"]
[SourceVersion "1"]
[SourceVersionDate "2008.06.24"]
[SourceQuality "1"]

1. b3 e5 2. Bb2 d6 3. g3 f5 4. d4 e4 5. Nh3 Nf6 6. Bg2 d5 7. c4 Bb4+ 8. Nc3 dxc4 9. bxc4 0-0 10. 0-0 Nc6 11. d5 Ne5 12. Nxe4 Nxe4 13. Bxe5 Qe7 14. Bb2 Re8 15. Nf4 Bd6 16. e3 Bd7 17. Rc1 Be5 18. Bxe5 Qxe5 19. Qd4 Qxd4 20. exd4 g5 21. Nd3 Rad8 22. Ne5 Nd6 23. f4 gxf4 24. Rxf4 Bc8 25. Bf3 Re7 26. Kf2 Kg7 27. Re1 a6 28. g4 Rf8 29. c5 1-0